The Roadmap to Low Carbon Urban Water Utilities : An International Guide to the WaCCliM Approach.

Bibliographic Details
Main Author: Ballard, Simone.
Other Authors: Porro, Jose., Trommsdorff, Corinne.
Format: eBook
Language:English
Published: London : IWA Publishing, 2018.
Edition:1st ed.
Subjects:
Online Access:Click to View
LEADER 01542nam a22003853i 4500
001 EBC5888224
003 MiAaPQ
005 20231204023214.0
006 m o d |
007 cr cnu||||||||
008 231204s2018 xx o ||||0 eng d
020 |a 9781780409924  |q (electronic bk.) 
020 |z 9781780409917 
035 |a (MiAaPQ)EBC5888224 
035 |a (Au-PeEL)EBL5888224 
035 |a (OCoLC)1054084377 
040 |a MiAaPQ  |b eng  |e rda  |e pn  |c MiAaPQ  |d MiAaPQ 
082 0 |a 363.61 
100 1 |a Ballard, Simone. 
245 1 4 |a The Roadmap to Low Carbon Urban Water Utilities :  |b An International Guide to the WaCCliM Approach. 
250 |a 1st ed. 
264 1 |a London :  |b IWA Publishing,  |c 2018. 
264 4 |c Ã2018. 
300 |a 1 online resource (50 pages) 
336 |a text  |b txt  |2 rdacontent 
337 |a computer  |b c  |2 rdamedia 
338 |a online resource  |b cr  |2 rdacarrier 
588 |a Description based on publisher supplied metadata and other sources. 
590 |a Electronic reproduction. Ann Arbor, Michigan : ProQuest Ebook Central, 2023. Available via World Wide Web. Access may be limited to ProQuest Ebook Central affiliated libraries.  
655 4 |a Electronic books. 
700 1 |a Porro, Jose. 
700 1 |a Trommsdorff, Corinne. 
776 0 8 |i Print version:  |a Ballard, Simone  |t The Roadmap to Low Carbon Urban Water Utilities  |d London : IWA Publishing,c2018  |z 9781780409917 
797 2 |a ProQuest (Firm) 
856 4 0 |u https://ebookcentral.proquest.com/lib/matrademy/detail.action?docID=5888224  |z Click to View